000
00286nam a2200121Ia 4500
005
20251222141903.0
008
251222s9999||||xx |||||||||||||| ||spa||
082
_a
781.17/U73
100
_a
Urbano, Jorge D.
245
0
_a
Cómo escuchar un Concierto
264
_b
Atlántida
942
_c
LIB
999
_c
8122
_d
8122